000 00587nam a2200205Ia 4500
005 20250923145220.0
008 008 250917s9999 xx 000 0 eng d
037 _aTextual
040 _aDSWL
_beng
_cDSWL
041 _aeng
_2eng
084 _aY15:44u1,N<-L, N67
_qDSWL
100 _aBassermann, Lujo
_9832982
245 4 _aThe oldest profession
_cby Lujo Bassermann
260 _aNew York
_b Stein & Day
_c1968
300 _axiv,296p.
365 _aUSD
_b8.95
925 _g8.95
942 _cTEXL
_hY15:44u1,N<-L, N67
999 _c1448547
_d1448547